[Event "Hong Kong op"]
[Site "Hong Kong"]
[Date "2023.12.29"]
[Round "9"]
[White "Yeo, Klaus Lucas"]
[Black "Yang, Ching Wei Austin"]
[Result "0-1"]
[WhiteElo "1439"]
[BlackElo "2210"]
[PlyCount "80"]
[EventDate "2023.12.24"]
[EventType "swiss"]
[EventRounds "9"]
[EventCountry "HKG"]
[SourceTitle "CB01_2024"]
[SourceDate "2024.01.03"]
[SourceVersion "1"]
[SourceVersionDate "2024.01.03"]
[SourceQuality "1"]

1. e4 c5 2. Nf3 e6 3. d4 cxd4 4. Bg5 Qa5+ 5. c3 dxc3 6. Nxc3 Nf6 7. Bd2 Nc6 8. e5 Nxe5 9. Nb5 Nxf3+ 10. Qxf3 Bb4 11. Nd6+ Ke7 12. 0-0-0 Qc7+ 13. Nc4 Bxd2+ 14. Rxd2 d5 15. Qa3+ Ke8 16. Qd6 Qxd6 17. Nxd6+ Ke7 18. Nb5 Ne4 19. Rc2 Bd7 20. f3 Nd6 21. Nxd6 Kxd6 22. Bd3 Rac8 23. Kd2 Rxc2+ 24. Bxc2 e5 25. Rd1 g5 26. Ke2 f5 27. Bb3 Bc6 28. g3 e4 29. f4 gxf4 30. gxf4 Rg8 31. Kf2 Rg4 32. Ke3 Rg2 33. h4 Rg3+ 34. Ke2 Rg4 35. Ke3 Rxh4 36. Rg1 Rh3+ 37. Kd2 d4 38. Rg5 e3+ 39. Ke1 Bf3 40. Rg1 d3 0-1

[Event "Hong Kong op"]
[Site "Hong Kong"]
[Date "2023.12.27"]
[Round "6"]
[White "Heng, Jr Kai Ryan"]
[Black "Yeo, Klaus Lucas"]
[Result "0-1"]
[WhiteElo "1136"]
[BlackElo "1439"]
[PlyCount "77"]
[EventDate "2023.12.24"]
[EventType "swiss"]
[EventRounds "9"]
[EventCountry "HKG"]
[SourceTitle "CB01_2024"]
[SourceDate "2024.01.03"]
[SourceVersion "1"]
[SourceVersionDate "2024.01.03"]
[SourceQuality "1"]

1. e4 e6 2. d4 d5 3. Nc3 Nf6 4. Bg5 Be7 5. e5 Nfd7 6. Bxe7 Qxe7 7. Qg4 0-0 8. Bd3 f5 9. exf6 Nxf6 10. Qe2 Nc6 11. Nf3 Nb4 12. a3 Nxd3+ 13. Qxd3 b5 14. b4 a5 15. bxa5 Rxa5 16. Nb1 Ba6 17. Qd2 b4 18. Ne5 Ne4 19. Nc6 Qd6 20. Qxb4 Qxb4+ 21. Nxb4 Rxf2 22. Rg1 Re2+ 23. Kd1 Re3 24. Ra2 Bc4 25. Ra1 Bb5 26. Kc1 Nd6 27. h3 Bc4 28. Kd2 Re2+ 29. Kd1 Nf5 30. Nc3 Rf2 31. Ke1 Rf4 32. Ne2 Re4 33. Nd3 Nxd4 34. Rf1 Rxe2+ 35. Kd1 Bxd3 36. cxd3 Rxg2 37. Rc1 Rxa3 38. Rb1 Rxd3+ 39. Kc1 0-1

[Event "Penang op-A 14th"]
[Site "Penang"]
[Date "2022.12.21"]
[Round "4"]
[White "Frost, Peter"]
[Black "Yeo, Klaus Lucas"]
[Result "1/2-1/2"]
[WhiteElo "1716"]
[BlackElo "1107"]
[PlyCount "74"]
[EventDate "2022.12.19"]
[EventType "swiss"]
[EventRounds "9"]
[EventCountry "MAS"]
[SourceTitle "CBM 211 Extra"]
[Source "ChessBase"]
[SourceDate "2023.01.31"]
[SourceVersion "1"]
[SourceVersionDate "2023.01.31"]
[SourceQuality "1"]

1. Nf3 f5 2. c4 Nf6 3. g3 g6 4. b3 Bg7 5. Bb2 d6 6. d4 c6 7. Bg2 Nbd7 8. 0-0 0-0 9. Qc2 Qc7 10. Nc3 e5 11. dxe5 dxe5 12. e4 f4 13. Rad1 Ne8 14. Ba3 Rf6 15. Rd3 Bf8 16. Bb2 Bd6 17. Rfd1 fxg3 18. hxg3 Nc5 19. Re3 Na6 20. a3 Bg4 21. Rd2 Ng7 22. Nh2 h5 23. Nxg4 hxg4 24. Qd1 Bc5 25. Rd7 Bxe3 26. Rxc7 Bxf2+ 27. Kh1 Nxc7 28. Qxg4 Nce6 29. Nd1 Bd4 30. Bc1 Kf7 31. Bh3 Rd8 32. Kg2 Bb6 33. b4 Bd4 34. Qh4 b5 35. Bxe6+ Nxe6 36. Qh7+ Ke8 37. Qh8+ Ke7 1/2-1/2

[Event "Penang op-A 14th"]
[Site "Penang"]
[Date "2022.12.19"]
[Round "1"]
[White "Yeo, Klaus Lucas"]
[Black "Lim, Chin Lee"]
[Result "0-1"]
[WhiteElo "1107"]
[BlackElo "1883"]
[PlyCount "119"]
[EventDate "2022.12.19"]
[EventType "swiss"]
[EventRounds "9"]
[EventCountry "MAS"]
[SourceTitle "CBM 211 Extra"]
[Source "ChessBase"]
[SourceDate "2023.01.31"]
[SourceVersion "1"]
[SourceVersionDate "2023.01.31"]
[SourceQuality "1"]

1. e4 e5 2. Nc3 Nc6 3. Bc4 Nf6 4. d3 Be7 5. Nge2 d6 6. f4 Na5 7. Bb3 Nxb3 8. axb3 0-0 9. 0-0 a6 10. Ng3 Kh8 11. fxe5 dxe5 12. Nf5 Bc5+ 13. Be3 Bxe3+ 14. Nxe3 Qd4 15. Qd2 Ng4 16. Rae1 Be6 17. Kh1 Nxe3 18. Qxe3 Qxe3 19. Rxe3 f6 20. Na4 b6 21. c4 Rfd8 22. g3 Kg8 23. Kg2 Rd4 24. b4 Rad8 25. Rff3 Kf7 26. g4 h6 27. Kg3 Ke7 28. Nc3 R4d7 29. Na4 Ra8 30. Kf2 b5 31. Nc5 Rd6 32. b3 Rb8 33. Nxe6 Kxe6 34. Re2 bxc4 35. bxc4 Rxb4 36. Ra2 Rdb6 37. Ke3 Rb1 38. Rff2 Re1+ 39. Rfe2 Rxe2+ 40. Kxe2 Kd6 41. Kd2 Kc6 42. Kc3 Kb7 43. Ra1 Rd6 44. h4 c5 45. Rb1+ Kc7 46. Rb3 Rd8 47. Kb2 h5 48. gxh5 Rh8 49. Ra3 Kb6 50. Ra1 Rxh5 51. Rg1 Rh7 52. h5 Kc7 53. Rg6 Kb7 54. h6 gxh6 55. Rxf6 h5 56. Kb3 h4 57. Rf1 h3 58. Rh1 h2 59. Ka3 Rh3 60. Ka4 0-1

[Event "London Classic op U1750 11th"]
[Site "London"]
[Date "2019.12.03"]
[Round "2"]
[White "John, Maxamillian"]
[Black "Yeo, Klaus Lucas"]
[Result "1/2-1/2"]
[WhiteElo "1407"]
[BlackElo "1176"]
[PlyCount "97"]
[EventDate "2019.12.02"]
[EventType "swiss"]
[EventRounds "5"]
[EventCountry "ENG"]
[SourceTitle "CBM 195 Extra"]
[Source "ChessBase"]
[SourceDate "2020.05.31"]
[SourceVersion "1"]
[SourceVersionDate "2020.05.31"]
[SourceQuality "1"]

1. d4 d5 2. Nf3 Bf5 3. e3 e6 4. c4 c6 5. Qb3 Qc8 6. Be2 Bd6 7. 0-0 Nd7 8. Nbd2 Ngf6 9. c5 Bc7 10. Qc3 h6 11. b4 b6 12. cxb6 Bxb6 13. Ba3 0-0 14. Rfc1 g5 15. Qxc6 Qxc6 16. Rxc6 Rab8 17. Rac1 Rfe8 18. b5 g4 19. Ne1 Kg7 20. Bb4 Ra8 21. Nd3 e5 22. dxe5 Nxe5 23. Nxe5 Rxe5 24. Bc3 Re6 25. Nb3 Kg6 26. Bd4 Ne4 27. Rc8 Re8 28. R1c6+ f6 29. Rxe8 Rxe8 30. Bxb6 axb6 31. Rxb6 Nc3 32. Bf1 Nxa2 33. Ra6 Nc3 34. b6 Rb8 35. Nc5 Ne4 36. Na4 Bd7 37. Nb2 Bc8 38. b7 Rxb7 39. Ra2 Bf5 40. Nd3 Rd7 41. f3 gxf3 42. gxf3 Ng5 43. Nf4+ Kf7 44. Kf2 d4 45. exd4 Rxd4 46. Ke3 Rd7 47. Bc4+ Kg7 48. Ra8 Re7+ 49. Kf2 1/2-1/2

[Event "London Classic op U1750 11th"]
[Site "London"]
[Date "2019.12.02"]
[Round "1"]
[White "Yeo, Klaus Lucas"]
[Black "Shek, Daniel"]
[Result "0-1"]
[WhiteElo "1176"]
[BlackElo "1534"]
[PlyCount "96"]
[EventDate "2019.12.02"]
[EventType "swiss"]
[EventRounds "5"]
[EventCountry "ENG"]
[SourceTitle "CBM 195 Extra"]
[Source "ChessBase"]
[SourceDate "2020.05.31"]
[SourceVersion "1"]
[SourceVersionDate "2020.05.31"]
[SourceQuality "1"]

1. e4 c5 2. Nf3 Nc6 3. Bc4 e6 4. Nc3 Nge7 5. d3 d5 6. exd5 exd5 7. Bb3 Bg4 8. 0-0 Nd4 9. Ba4+ Nec6 10. Qe1+ Be7 11. Nxd4 cxd4 12. Bxc6+ bxc6 13. Ne2 Bxe2 14. Qxe2 0-0 15. b3 Bf6 16. Bb2 Re8 17. Qd2 Re6 18. Rfe1 Qd7 19. c3 dxc3 20. Bxc3 Bxc3 21. Qxc3 Rae8 22. Rxe6 Qxe6 23. a4 Qe2 24. Rf1 Qe6 25. d4 Qd7 26. Re1 Rxe1+ 27. Qxe1 h6 28. f3 Qe6 29. Qxe6 fxe6 30. Kf2 Kf7 31. Ke3 Kf6 32. g4 e5 33. dxe5+ Kxe5 34. f4+ Kd6 35. Kd4 c5+ 36. Kd3 a5 37. h4 g6 38. f5 gxf5 39. gxf5 Ke5 40. f6 Kxf6 41. b4 cxb4 42. Kd4 Ke6 43. Kc5 b3 44. Kb5 b2 45. Kxa5 b1Q 46. Ka6 Kd6 47. h5 Kc6 48. a5 Qb7# 0-1

[Event "London Chess Classic op 10th"]
[Site "London"]
[Date "2018.12.09"]
[Round "1"]
[White "Yeo, Klaus Lucas"]
[Black "Huba, Mark J"]
[Result "0-1"]
[WhiteElo "1166"]
[BlackElo "1541"]
[PlyCount "57"]
[EventDate "2018.12.09"]
[EventType "swiss"]
[EventRounds "5"]
[EventCountry "ENG"]
[SourceTitle "EXT 2021"]
[Source "ChessBase"]
[SourceDate "2020.10.23"]
[SourceVersion "1"]
[SourceVersionDate "2020.10.23"]
[SourceQuality "1"]

1. e4 e6 2. d4 d5 3. e5 c5 4. c3 Nc6 5. Nf3 Qb6 6. a4 Bd7 7. a5 Nxa5 8. Nbd2 c4 9. Rb1 Qc7 10. b3 cxb3 11. Nxb3 Nc4 12. Bxc4 dxc4 13. Nc5 Bxc5 14. dxc5 Ne7 15. Be3 Nd5 16. Bd4 0-0 17. 0-0 Bc6 18. Nd2 b5 19. Ne4 Qe7 20. f3 Nf4 21. Qd2 Nd3 22. Nf6+ Kh8 23. Ng4 Qh4 24. Nf2 Nxf2 25. Rxf2 f6 26. exf6 gxf6 27. Re1 Rad8 28. Qc1 Rg8 29. Ree2 0-1